| 000 | 004120000a22001690004500 | ||
|---|---|---|---|
| 003 | MACL | ||
| 005 | 20160108123657.0 | ||
| 008 | 160108b xxu||||| |||| 00| 0 eng d | ||
| 040 |
_aMACL _cMACL |
||
| 041 | _aEnglish | ||
| 082 | _a920/DAS | ||
| 100 |
_aDass, Diwan Jarmani _914336 |
||
| 245 | _aMaharani | ||
| 260 |
_bS Chand & Co. _c1972 _aNew Delhi |
||
| 650 |
_aBiography _929588 |
||
| 942 |
_cBK _k920.1/das _2ddc |
||
| 999 |
_c35998 _d35998 |
||